The mentors handbook; practical suggestions for collaborative reflection and analysis (Record no. 24837)

MARC details
000 -LEADER
fixed length control field 00667nam a22001937a 4500
003 - CONTROL NUMBER IDENTIFIER
control field OSt
005 - DATE AND TIME OF LATEST TRANSACTION
control field 20260618154556.0
008 - FIXED-LENGTH DATA ELEMENTS--GENERAL INFORMATION
fixed length control field 260618b |||||||| |||| 00| 0 eng d
020 ## - INTERNATIONAL STANDARD BOOK NUMBER
International Standard Book Number 9781929024445
040 ## - CATALOGING SOURCE
Transcribing agency Chuka University
050 ## - LIBRARY OF CONGRESS CALL NUMBER
Classification number LB 1731 .C6 2002
100 ## - MAIN ENTRY--PERSONAL NAME
Personal name Correia Marlene
9 (RLIN) 30302
245 ## - TITLE STATEMENT
Title The mentors handbook; practical suggestions for collaborative reflection and analysis
260 ## - PUBLICATION, DISTRIBUTION, ETC.
Place of publication, distribution, etc. Norwood
Name of publisher, distributor, etc. Christopher- Gordon Publishers
300 ## - PHYSICAL DESCRIPTION
Extent 100pp
650 ## - SUBJECT ADDED ENTRY--TOPICAL TERM
Topical term or geographic name entry element Mentoring in education-- United States--Handbooks, manuals
9 (RLIN) 30303
650 ## - SUBJECT ADDED ENTRY--TOPICAL TERM
Topical term or geographic name entry element Teachers-in- service training--United States-- Handbooks, Manuals
9 (RLIN) 30304
942 ## - ADDED ENTRY ELEMENTS (KOHA)
Source of classification or shelving scheme Library of Congress Classification
Koha item type Long Loan Books
Suppress in OPAC No
Holdings
Withdrawn status Lost status Source of classification or shelving scheme Damaged status Not for loan Collection Home library Current library Shelving location Date acquired Source of acquisition Cost, normal purchase price Total Checkouts Full call number Barcode Date last seen Copy number Price effective from Koha item type
    Library of Congress Classification     General Collection Books Main Campus Library Main Campus Library General Stacks 18/06/2026 Donations from books for Africa 2586.01   LB 1731 .C67 2002 35500/2026 18/06/2026 1 18/06/2026 Long Loan Books

Powered by Koha